A gay diary.

Salvato in:
Dettagli Bibliografici
Natura: Libro
Lingua:inglese
Pubblicazione: New York : The Pepys Press, c1993
Tags: Aggiungi Tag
Nessun Tag, puoi essere il primo ad aggiungerne!!

MARC

LEADER 00000nam a22000007ic4500
001 IT\ICCU\UBO\2264876
003 ItRI
005 20260115231837.0
008 030805s1993 xxu|||||| ||||| |||||c
020 |a 1883521009 (paperback) 
040 |b ita  |c importazione bologna sebina 
041 7 |a eng  |2 ISO-639-2 
245 0 0 |a A gay diary.  |c Donald Vining. 
260 |a New York :  |b The Pepys Press,  |c c1993 
300 |a 487 p. ;  |c 22 cm. 
773 0 |w IT\ICCU\UBO\2264835  |t A gay diary  |g 5 
942 |2 ddc  |c BK  |n 0 
952 |0 0  |1 0  |4 0  |6 DOC_301_415000000000000_VIN  |7 0  |9 14046  |a BO  |b BO  |d 2026-01-15  |i 7555  |l 0  |o DOC 301.415 VIN  |p BO7555  |r 2026-01-15 23:18:37  |w 2026-01-15  |x [Sebina 5] [v. 5]  |y BK  |z v. 5 
999 |c 12104  |d 12104